[Event "Mumbai Mayors Cup 1st"]
[Site "Mumbai"]
[Date "2008.05.11"]
[Round "1"]
[White "Joshi, Sunil"]
[Black "Saptarshi, Roy Chowdhury"]
[Result "0-1"]
[WhiteElo "1779"]
[BlackElo "2387"]
[PlyCount "81"]
[EventDate "2008.05.11"]
[EventType "swiss"]
[EventRounds "11"]
[EventCountry "IND"]
[SourceTitle "CBM 124 Extra"]
[Source "ChessBase"]
[SourceDate "2008.07.03"]
[SourceVersion "1"]
[SourceVersionDate "2008.07.03"]
[SourceQuality "1"]

1. e4 e5 2. Nf3 Nc6 3. Bb5 a6 4. Ba4 Nf6 5. 0-0 Be7 6. Re1 b5 7. Bb3 d6 8. h3 0-0 9. c3 Na5 10. Bc2 c5 11. d4 Qc7 12. d5 Bd7 13. Bg5 c4 14. Nbd2 Nb7 15. Rc1 a5 16. Bb1 Rfc8 17. b3 cxb3 18. axb3 Qd8 19. Be3 Nc5 20. Bxc5 Rxc5 21. b4 Rcc8 22. bxa5 Rxa5 23. Qb3 Nh5 24. Bd3 Rca8 25. Qd1 Nf4 26. Bf1 Ra3 27. Nb1 R3a5 28. Kh2 Qc8 29. Re3 Bd8 30. Ng1 Bb6 31. Rf3 f5 32. exf5 Bxf5 33. c4 b4 34. Rb3 Bxf2 35. Nf3 Ra2 36. Nfd2 e4 37. g3 Nxh3 38. Bxh3 Bxh3 39. Nxe4 Bxg3+ 40. Kxg3 Rg2+ 41. Kf3 0-1